|
|
|
|
| LEADER |
00000cam a2200000 7i4500 |
| 001 |
0000003019 |
| 005 |
20040401.0 |
| 020 |
0 |
0 |
|a 1842772988
|
| 090 |
0 |
0 |
|a R 382.92
|b DAS 2003
|
| 100 |
1 |
0 |
|a DAS
|h Bhagirath Lal
|
| 245 |
1 |
0 |
|a WTO : the Doha Agenda :
|b the new negotiations on World Trade
|c by Bhagirath Lal Das
|
| 260 |
0 |
0 |
|a London ; New York :
|b Zed Books ,
|c 2003
|
| 300 |
|
|
|a 122 p. ;
|c 24 cm.
|
| 500 |
0 |
0 |
|a Includes bibliographical references and index
|
| 650 |
0 |
0 |
|a Commercial policy
|
| 650 |
0 |
0 |
|a Foreign trade regulation
|
| 650 |
0 |
0 |
|a International economic relations
|
| 650 |
0 |
0 |
|a International trade
|
| 650 |
0 |
0 |
|a World Trade Organization
|
| 998 |
|
|
|a JPSM
|
| 999 |
|
|
|a 0000005306
|b Monograph
|c Reference
|e Default branch
|